=LDR 00000nam 2200000 4500 =001 INLIS000000000032983 =005 20130612134949 =008 ***********************************ind** =035 ##$$0010-061300000032983 =041 ##$$a ind =082 ##$$a 028.55 =090 ##$$a 028.55, Ram a =100 ##$$a Ramadhan, Dadan =245 ##$$a Aku Tidak Sembarangan, I Don't Sleep Anywhere, Dadan Ramadhan; Penyunting, Sofia mansoor =260 ##$$a 2010 $b Bandung =300 ##$$a 23 hlm, Ilus, 19 cm =650 ##$$a Bacaan Anak-Anak =700 ##$$a Mansoor, Sofia =850 ##$$a NBPNMAT